Missing Word: Valentine's Day Song Message Quiz Stats

 Plays Quiz Updated Mar 7, 2016

Score 0/24 Timer 02:00
0 Plays Today
Hint Word % Correct
__ Will Always Love YouI
98.9%
Can't Help Falling __ LoveIn
98.3%
Just ___ Way You AreThe
97.8%
The ___ You Make Me FeelWay
96.7%
Ain't __ Mountain High EnoughNo
96.3%
All I ____ For Christmas is YouWant
95.5%
Are ___ Lonesome Tonight?You
95.1%
Is ___ Really Going Out with Him?She
92.9%
Opposites _______Attract(s)
92.5%
Lost Without Each _____Other
91.9%
You Shook __ All Night LongMe
91.2%
That Was Then, This Is ___Now
90.9%
Hint Word % Correct
I Fall __ PiecesTo
90.9%
I Want to ____ What Love IsKnow
90.1%
Hungry ____ the WolfLike
89.8%
I Saw ___ Standing ThereHer
89.5%
___ Deep Is Your LoveHow
89.4%
Part-Time _____Lover
85.1%
_____ Like JaggerMoves
84.1%
____ Make Me Wait Too LongDon't
79.3%
Love ___ MarriageAnd
75%
Please Don't _____ MeLeave
72.4%
_______ About the Way You Look TonightSomething
69.2%
I _______ in a Thing Called LoveBelieve
57.8%

Today's Daily Dose

You're not logged in!

Compare scores with friends on all Sporcle quizzes.
OR
Log In

Show Comments

Extras

Top Quizzes Today


Score Distribution

Your Account Isn't Verified!

In order to create a playlist on Sporcle, you need to verify the email address you used during registration. Go to your Sporcle Settings to finish the process.

Report this User

Report this user for behavior that violates our Community Guidelines.

Details: